000 00488nam a2200169Ia 4500
001 35753
008 170316s320 ii g b000 u 346 u
082 _a491.44
100 _aBandopadhya, Lalit Kumar.
245 0 _aBanan Samashya /
_cLalit Kumar Bandopadhya.
_hTextual Documents
250 _a1st ed. /
260 _aCalcutta :
_bLalit Kumar Bandopadhya ,
_c1320 Bangabda.
300 _a50p. ;
_c22cm.
653 _aBengali Language-Grammar
653 _aG-Languages
942 _2ddc
_cBK
999 _c35735
_d35735